000 00973nmm a2200313 a 4500
001 ocm000578716
003 TR-IsHL
005 20201028120146.0
008 130625s2007 tu tur
007 cr cn
020 _a9789944940474
035 _a578716
_b(N$T)
050 0 4 _aPL248.Y86
_bY8 2007
090 0 4 _aPL248.Y86
_bY8 2007
100 1 _aYunus Emre
245 1 0 _aYunus Emre divanından seçmeler
_h[electronic resource] /
_cYunus Emre ; ed. Tuba Öztürk
250 _a1. bs.
260 _aİstanbul :
_bAkvaryum Yayınları,
_c2007
300 _a486 p.
650 4 _aDil ve Edebiyat
650 4 _aLanguage and Literature
650 0 _aTürk şiiri
650 0 _aTurkish poetry
650 0 _aTürk edebiyatı
_x Divan
650 0 _aTurkish literature
_x Divan
650 7 _aPOETRY / Middle Eastern
_2bisacsh
700 1 _aÖztürk, Tuba
856 4 0 _uhttp://search.ebscohost.com/login.aspx?direct=true&scope=site&db=e011xww&AN=578716
999 _c634
_d634